The new europe / (Record no. 353450)
[ view plain ]
| 000 -LEADER | |
|---|---|
| fixed length control field | 02539nam a2200277 a 4500 |
| 001 - CONTROL NUMBER | |
| control field | ASIN0470018399 |
| 003 - CONTROL NUMBER IDENTIFIER | |
| control field | OSt |
| 005 - DATE AND TIME OF LATEST TRANSACTION | |
| control field | 20180116192408.0 |
| 008 - FIXED-LENGTH DATA ELEMENTS--GENERAL INFORMATION | |
| fixed length control field | 120329s2006 xxu | 00| 0 eng d |
| 020 ## - INTERNATIONAL STANDARD BOOK NUMBER | |
| International Standard Book Number | 0470018399 (paperback) |
| Terms of availability | $60.00 |
| 020 ## - INTERNATIONAL STANDARD BOOK NUMBER | |
| International Standard Book Number | 9780470018392 (paperback) |
| 040 ## - CATALOGING SOURCE | |
| Transcribing agency | 0 |
| 082 ## - DEWEY DECIMAL CLASSIFICATION NUMBER | |
| Classification number | 720.94709051 NEW 2006 |
| 245 14 - TITLE STATEMENT | |
| Title | The new europe / |
| Statement of responsibility, etc. | Valentina Croci. |
| 250 ## - EDITION STATEMENT | |
| Edition statement | 1st ed. |
| 260 ## - PUBLICATION, DISTRIBUTION, ETC. | |
| Place of publication, distribution, etc. | London : |
| Name of publisher, distributor, etc. | Wiley ; |
| Date of publication, distribution, etc. | 2006. |
| 300 ## - PHYSICAL DESCRIPTION | |
| Extent | 128 p. : |
| Dimensions | 27 cm. |
| 440 ## - SERIES STATEMENT/ADDED ENTRY--TITLE | |
| Title | Architectural design ; |
| Number of part/section of a work | v. 76, no. 3 |
| 9 (RLIN) | 684 |
| 490 1# - SERIES STATEMENT | |
| Series statement | Profile ; |
| Volume/sequential designation | no. 181. |
| 520 ## - SUMMARY, ETC. | |
| Summary, etc. | In May 2004, Europe was redefined. Ten countries - Cyprus, the Czech Republic, Estonia, Hungary, Latvia, Lithuania, Malta, Poland, the Slovak Republic and Slovenia - joined the European Union (EU). Two years on, the full impact of the forces this historical event has unleashed has yet to be understood. For not only is the expansion having an unequivocal bearing on 'old' Europe, it is also helping to change the countries of 'new Europe'. As the economic and the political balance of the enlarged EU is being redrawn, the identities of the newly joined countries is in flux - the majority of the joining states being under Communist rule less than two decades ago. Contemporary architecture in these 10 countries necessarily presents itself as a process that is anything but linear. It must deal with hybridisation, with new global trends, as well as with the permanence of structures and national heritage. Architects, mostly practising in the private rather than public sphere, are contending with the various political inconsistencies of administrations undergoing change. The very different panorama in each new member state avoids generalisation. As a broken mirror, this issue of AD does not pretend to provide anything but a partial - though authentic - view of the very crucial issues that contemporary architecture has to cope with. Local contributors look at the transformation of the city and national heritage, while also spotting a new generational fringe of local architects. The ethnic diversity drawn by this publication excites with its cultural richness, but also raises the looming question of what the identity of the new Europe might constitute in the future. |
| 700 1# - ADDED ENTRY--PERSONAL NAME | |
| Personal name | Croci, Valentina. |
| 9 (RLIN) | 685 |
| 830 #0 - SERIES ADDED ENTRY--UNIFORM TITLE | |
| Uniform title | Architectural design. |
| 9 (RLIN) | 686 |
| 856 40 - ELECTRONIC LOCATION AND ACCESS | |
| Materials specified | Amazon.com |
| Uniform Resource Identifier | <a href="http://www.amazon.com/exec/obidos/ASIN/0470018399/chopaconline-20">http://www.amazon.com/exec/obidos/ASIN/0470018399/chopaconline-20</a> |
| 942 ## - ADDED ENTRY ELEMENTS (KOHA) | |
| Source of classification or shelving scheme | |
| Koha item type | Book |
| Withdrawn status | Lost status | Source of classification or shelving scheme | Damaged status | Not for loan | Permanent Location | Current Location | Date acquired | Total Checkouts | Full call number | Barcode | Date last seen | Cost, replacement price | Price effective from | Koha item type |
|---|---|---|---|---|---|---|---|---|---|---|---|---|---|---|
| School of Art Design and Architecture (SADA) | School of Art Design and Architecture (SADA) | 03/28/2012 | 720.94709051 NEW 2006 | SADA0001642 | 01/05/2017 | 3506.00 | 01/05/2017 | Book |
